| 000 | 00483nam a2200157 4500 | ||
|---|---|---|---|
| 001 | 126610 | ||
| 003 | ES-MaACL | ||
| 005 | 20230906192841.0 | ||
| 007 | t| | ||
| 008 | 070214s1966 sp r ||||1| spa d | ||
| 100 | 1 |
_aRequena, Fermín. _996291 |
|
| 245 | 1 | 0 |
_aPinceladas árabes y moriscas de la provincia de Huelva / _cFermín Requena. |
| 260 |
_aAntequera : _b[s. n.], _c1966 ( _fGráf. San Rafael) |
||
| 300 |
_a136 p., 8 lám. ; _c20 cm. |
||
| 852 |
_aES-MaACL _jC-29630 _bR.60050 |
||
| 999 |
_c126610 _d126610 |
||